| 000 | 01078nas a2200337 4500 | ||
|---|---|---|---|
| 001 | BR2014005023 | ||
| 003 | BR-BrBNA | ||
| 005 | 20231205124350.0 | ||
| 007 | ta | ||
| 008 | 230509b bl.|||p| |||| 00| 00por d | ||
| 040 |
_aBR-BrBNA _bpor _cBiblioteca Nacional de Agricultura |
||
| 041 | _a(Pt) | ||
| 072 | _aF61; F60 | ||
| 100 | 1 | _aMota, P.R.D. | |
| 100 | 1 | _aFiorim, A.C.R. | |
| 100 | 1 | _aVillas -Bôas, R.L. | |
| 100 | 1 | _aFolegatti, M.V. | |
| 100 | 1 | _aLudwig, F. | |
| 100 | 1 | _aSilva, M.E.A. da | |
| 245 | 1 | _aCondutividade elétrica da solução nutritiva e acúmulo de macro e micronutrientes no cultivo de crisântemo | |
| 650 | _aCRISÂNTEMO | ||
| 650 | _aPLANTA ORNAMENTAL | ||
| 650 | _aABSORÇÃO DE NUTRIENTES | ||
| 650 | _aANÁLISE QUÍMICA | ||
| 650 | _aCONDUTIVIDADE ELÉTRICA | ||
| 650 | _aFERTIRRIGAÇÃO | ||
| 773 | 0 |
_tBragantia (Brazil) _xISSN 1678-4499 _g(Jan-Mar 2013), v. 72(1) p. 81-89 _wBR2014005023 |
|
| 856 | 4 | 0 | _uhttp://www.scielo.br/pdf/brag/v72n1/aop_1376_13.pdf |
| 909 |
_a202311 _bLúcia _c55 _dLúcia Elande |
||
| 942 |
_2AGRIS _n0 _cANA |
||
| 999 |
_c238700 _d238700 |
||